Представление документа в формате MARC21

Поле Инд. ПП Название Значение
Тип записи a
Библиографический уровень m
001 Контрольный номер 199d5601-24e9-4b67-ac37-4813caa294f1
005 Дата корректировки 20250128153412.1
008 Кодируемые данные 041011
020 a ISBN 5-94010-232-8
040 a Служба первич. каталог. НБ ТвГУ
041 0_ a Код языка текста rus
080 a Индекс УДК 327(470:5)
a Индекс УДК 327(100:5)
084 a Индекс другой классификации/Индекс ББК Т3(051)64-612
a Индекс другой классификации/Индекс ББК Т3(2)64-6
090 x Авторский знак Ю19
a Полочн. индекс Т3(051)64
242 _4 a Перевод заглавия The Cis Southern flank. Central Asia - Caspian - Caucasus: prospects and challenges for Russia
245 10 a Заглавие Южный фланг СНГ. Центральная Азия - Каспий - Кавказ: возможности и вызовы для России
b Продолж. заглавия [сборник]
c Ответственность Моск. гос. ин-т междунар. отношений (ун-т) МИД России, ИНО-Центр (Информ. Наука. Образование) ; под ред. М. М. Наринского и А. В. Мальгина
260 0_ a Место издания Москва
b Издательство Логос
c Дата издания 2003
300 a Объем 368,[2] с.
440 _0 a Серия Монографии
a Серия Межрегиональные исследования в общественных науках : МИОН
490 _0 v N тома вып. 2
500 a Примечание НАСТОЯЩИЙ МАТЕРИАЛ (ИНФОРМАЦИЯ) ПРОИЗВЕДЕН, РАСПРОСТРАНЕН И (ИЛИ) НАПРАВЛЕН ИНОСТРАННЫМ АГЕНТОМ, ЯВЛЯЮЩИМСЯ УЧРЕДИТЕЛЕМ (ЧЛЕНОМ, УЧАСТНИКОМ, РУКОВОДИТЕЛЕМ ИЛИ ЛИЦОМ, ВХОДЯЩИМ В СОСТАВ ОРГАНА ЛИЦ УКАЗАНЫХ В ЧАСТИ 4 СТАТЬИ 9 ФЕДЕРАЛЬНОГО ЗАКОНА «О КОНТРОЛЕ ЗА ДЕЯТЕЛЬНОСТЬЮ ЛИЦ, НАХОДЯЩИХСЯ ПОД ИНОСТРАННЫМ ВЛИЯНИЕМ») ВКЛЮЧЕННОГО В РЕЕСТР ИНОСТРАННЫХ АГЕНТОВ
504 a Библиография Библиогр. в подстроч. примеч.
653 0_ a Ключевые слова Международные отношения
a Ключевые слова Российская Федерация
a Ключевые слова История России
a Ключевые слова СНГ
a Ключевые слова Содружество Независимых Государств
a Ключевые слова Кавказ
a Ключевые слова Каспий
a Ключевые слова Центральная Азия
700 1_ a Другие авторы Наринский Михаил Матвеевич
e Роль лиц ред.
700 1_ a Другие авторы Мальгин Артем Владимирович
e Роль лиц ред..
852 41 t Порядковый номер экземпляра 1
p Инвентарный номер 790166
852 41 t Порядковый номер экземпляра 1
p Инвентарный номер 790167
920 a Оператор Петр
952 c Вид литературы К рн
954 a Дата поступления на обработку 20041130